| 000 | 00770nam a2200253 a 4500 | ||
|---|---|---|---|
| 999 |
_c10694 _d10694 |
||
| 001 | 10694 | ||
| 003 | BD-JhCC | ||
| 005 | 20221107134024.0 | ||
| 008 | 180808s2014 enk j 000 1 eng d | ||
| 020 | _a9781408855713 | ||
| 035 | _a(BD-JhCC)10694 | ||
| 040 |
_aBD-JhCC _dBD-JhCC |
||
| 041 | _aeng | ||
| 082 |
_a823.92 _bROW 2014 |
||
| 100 | 1 | _aRowling, J. K. | |
| 245 | 1 | 0 |
_aHarry Potter and the deathly hallows / _cJ.K. Rowling. |
| 260 |
_aLondon : _bBloomsbury, _c2014. |
||
| 300 |
_a619 p. ; _c21 cm. |
||
| 600 | 1 | 0 |
_aPotter, Harry _c(Fictitious character) |
| 650 | 0 |
_aHogwarts School of Witchcraft and Wizardry (Imaginary organization) _vJuvenile fiction. |
|
| 650 | 0 |
_aWizards _vJuvenile fiction. |
|
| 650 | 0 |
_aMagic _vJuvenile fiction. |
|
| 942 |
_2ddc _cBK _020 |
||